[Event "Cap d'Agde CCAS op"]
[Site "Cap d'Agde"]
[Date "2010.10.23"]
[Round "1"]
[White "Serot, Fabien"]
[Black "Rochette, Philippe"]
[Result "1-0"]
[WhiteElo "1750"]
[BlackElo "1490"]
[PlyCount "67"]
[EventDate "2010.10.23"]
[EventType "swiss"]
[EventRounds "7"]
[EventCountry "FRA"]
[SourceTitle "EXT 2012"]
[Source "ChessBase"]
[SourceDate "2011.11.24"]
[SourceVersion "1"]
[SourceVersionDate "2011.11.24"]
[SourceQuality "1"]

1. b4 d5 2. a3 e5 3. e3 Nf6 4. Bb2 e4 5. d3 Bd6 6. Nd2 exd3 7. Bxd3 0-0 8. h3 Nc6 9. Ngf3 Re8 10. c4 Ne5 11. Be2 Bf5 12. Qb3 c6 13. Rd1 Rc8 14. cxd5 cxd5 15. Nd4 Be4 16. N2f3 Qc7 17. Nb5 Qc6 18. Nfd4 Qb6 19. f3 Bg6 20. Nxd6 Qxd6 21. Nb5 Qb6 22. Bd4 Qd8 23. Qb2 a6 24. Bxe5 axb5 25. Bxf6 Qxf6 26. Qxf6 gxf6 27. Kf2 Re5 28. Bxb5 Rc2+ 29. Be2 Ra2 30. Ra1 Rb2 31. Rhd1 Kf8 32. f4 Rf5 33. Kf1 Bh5 34. g4 1-0